|
|
|
|
| LEADER |
00000nab a2200000 a 4500 |
| 001 |
vtls009004814 |
| 003 |
SK-MaSNL |
| 005 |
20260303065648.0 |
| 008 |
171110 2007 xo w n 000 0 slo |
| 038 |
|
|
|a SLLK
|
| 040 |
|
|
|a SLLK
|b slo
|c sllk
|e AACR2
|
| 041 |
0 |
|
|a slo
|
| 044 |
|
|
|a xo
|c SK
|
| 080 |
|
|
|a 796.342
|2 1997
|
| 245 |
0 |
0 |
|a Na tenisovom turnaji Benko Cup 2007
|c Text a foto (bk)
|
| 300 |
|
|
|b Fotogr.
|
| 611 |
2 |
7 |
|a Benko Tenis Cup
|n (6. :
|d 2007 :
|c Stará Ľubovňa, Slovensko)
|2 snkbucl
|9 1066028
|
| 648 |
|
7 |
|a 2007
|2 snkbucl
|9 313226
|
| 650 |
0 |
7 |
|a šport
|2 snkbucl
|9 1042
|
| 650 |
0 |
7 |
|a tenis
|2 snkbucl
|9 3293
|
| 651 |
|
7 |
|a Stará Ľubovňa (Slovensko)
|2 snkbucl
|9 19193
|
| 773 |
0 |
|
|t Ľubovnianske noviny
|g Roč. XXXIII, č. 26 (2007), s. 6
|
| 852 |
|
|
|a SLLK
|b KIS3GCP
|
| 999 |
|
|
|c 1752099
|d 1754029
|